[Event "SK Nürnberg 1911 e.V. 1-SC Erlangen 48/8"]
[Site "?"]
[Date "2013.02.11"]
[Round "7.2"]
[White "Höwel, Karl-Adolf"]
[Black "Walter, Thomas"]
[Result "1-0"]
[WhiteElo "2019"]
[BlackElo "2017"]
[PlyCount "153"]
[EventDate "2013.??.??"]
[WhiteTeam "SK Nürnberg 1911 e.V. 1"]
[BlackTeam "SC Erlangen 48/88 e.V. 2"]

1. d4 Nf6 2. c4 c5 3. d5 Ne4 4. Qc2 Qa5+ 5. Nd2 f5 6. g3 g6 7. Bg2 Nd6 8. b3
Bg7 9. Bb2 Bxb2 10. Qxb2 O-O 11. Ngf3 b5 12. cxb5 Qxb5 13. Ne5 Ba6 14. Ndc4
Nxc4 15. Nxc4 Qb4+ 16. Qd2 Bxc4 17. d6 Nc6 18. dxe7 Rfe8 19. bxc4 Rxe7 20. a3
Qxd2+ 21. Kxd2 Rae8 22. e3 Ne5 23. Bd5+ Kg7 24. h3 d6 25. Rab1 Nd7 26. Kc3 Nb6
27. Bc6 Rc8 28. Bf3 Rce8 29. Rhd1 Re6 30. Rd2 Kf6 31. Bc6 Rb8 32. Rdb2 Re7 33.
Rb5 g5 34. Rd1 Ke6 35. Ra5 Rc7 36. Bf3 Rf8 37. Ra6 Ke5 38. a4 g4 39. Bg2 Rb8
40. Rd2 Rd7 41. a5 Na4+ 42. Kc2 Rb2+ 43. Kc1 Rxd2 44. Kxd2 Nb2 45. hxg4 fxg4
46. Bd5 h5 47. Kc2 Nxc4 48. Bxc4 d5 49. Be2 Rf7 50. Kd2 c4 51. Rh6 Rxf2 52.
Rxh5+ Ke4 53. Rh7 c3+ 54. Ke1 c2 55. Re7+ Kf5 56. Rc7 Rg2 57. Bd3+ Ke5 58. Rxc2
Rxg3 59. Kf2 Rf3+ 60. Ke2 Rh3 61. Rc7 Rh2+ 62. Ke1 Ra2 63. a6 g3 64. Rxa7 g2
65. Rg7 d4 66. exd4+ Kf4 67. Bc4 Ra4 68. Be2 Ke3 69. Rg3+ Kxd4 70. Rxg2 Ke3 71.
Rg3+ Kf4 72. Rg4+ Ke3 73. Rg3+ Ke4 74. Kf2 Ra2 75. Rg7 Kd5 76. a7 Kc6 77. a8=Q+
1-0

[Event "SK Nürnberg 1911 e.V. 1-SC Erlangen 48/8"]
[Site "?"]
[Date "2013.02.11"]
[Round "7.3"]
[White "Götz, Andreas"]
[Black "Walter, Markus"]
[Result "1-0"]
[WhiteElo "2030"]
[BlackElo "1946"]
[PlyCount "55"]
[EventDate "2013.??.??"]
[WhiteTeam "SC Erlangen 48/88 e.V. 2"]
[BlackTeam "SK Nürnberg 1911 e.V. 1"]

1. d4 c6 2. c4 d5 3. Nf3 Nf6 4. e3 e6 5. Qc2 Nbd7 6. b3 Ne4 7. Bd3 Bb4+ 8. Nbd2
f5 9. a3 Bxd2+ 10. Bxd2 Nxd2 11. Nxd2 O-O 12. cxd5 exd5 13. Bxf5 Nf6 14. O-O
Qe7 15. Bd3 g6 16. Qc5 Qc7 17. h3 Bf5 18. Qc2 Qd7 19. Bxf5 gxf5 20. Nf3 Ne4 21.
Ne5 Qg7 22. Nd3 Rf6 23. Nf4 Rh6 24. b4 Kh8 25. Kh2 Rg8 26. a4 Rh4 27. g3 Nxg3
28. Rg1 1-0

[Event "SK Nürnberg 1911 e.V. 1-SC Erlangen 48/8"]
[Site "?"]
[Date "2013.02.11"]
[Round "7.4"]
[White "Pannek, Matthias"]
[Black "Nehls, Benedikt"]
[Result "1-0"]
[WhiteElo "1957"]
[BlackElo "2007"]
[PlyCount "45"]
[EventDate "2013.??.??"]
[WhiteTeam "SK Nürnberg 1911 e.V. 1"]
[BlackTeam "SC Erlangen 48/88 e.V. 2"]

1. Nc3 c5 2. e4 a6 3. g3 b5 4. Bg2 Bb7 5. Nge2 h5 6. d4 cxd4 7. Nxd4 h4 8. Nf5
hxg3 9. hxg3 Rxh1+ 10. Bxh1 g6 11. Nd4 Bg7 12. Be3 Nc6 13. Qd2 Qa5 14. O-O-O
Qd8 15. Nd5 Ne5 16. b3 Bxd5 17. exd5 d6 18. f4 Ng4 19. Bg1 Qc7 20. Qd3 N8h6 21.
Be4 O-O-O 22. Nc6 Re8 23. a4 1-0

[Event "SK Nürnberg 1911 e.V. 1-SC Erlangen 48/8"]
[Site "?"]
[Date "2013.02.11"]
[Round "7.5"]
[White "Petzold, Vinzenz"]
[Black "Leising, Thomas"]
[Result "1-0"]
[WhiteElo "1994"]
[BlackElo "1948"]
[PlyCount "101"]
[EventDate "2013.??.??"]
[WhiteTeam "SC Erlangen 48/88 e.V. 2"]
[BlackTeam "SK Nürnberg 1911 e.V. 1"]

1. d4 Nf6 2. c4 e6 3. Nc3 d5 4. cxd5 exd5 5. Bg5 Be7 6. e3 h6 7. Bh4 O-O 8. Bd3
Nbd7 9. Nge2 c6 10. O-O Re8 11. Qc2 Ne4 12. Bxe7 Qxe7 13. Bxe4 dxe4 14. d5 Nf6
15. Rfd1 Nxd5 16. Nxd5 cxd5 17. Rxd5 Bg4 18. Nc3 Bd7 19. Rad1 Bc6 20. R5d4 Rad8
21. Qd2 Rxd4 22. Qxd4 a6 23. h3 Qe6 24. Qc5 Re7 25. Rd8+ Re8 26. Rd6 Qe5 27.
Qd4 Qxd4 28. Rxd4 f5 29. h4 g6 30. Kf1 Kf7 31. Ke1 Re7 32. Kd2 Rd7 33. Rxd7+
Bxd7 34. Ne2 Ke6 35. Kc3 g5 36. hxg5 hxg5 37. Kd4 b6 38. g4 fxg4 39. Ng3 Bc6
40. Nxe4 Bxe4 41. Kxe4 Kf6 42. Kd5 Kf5 43. e4+ Kf4 44. e5 Kf3 45. e6 Kxf2 46.
e7 g3 47. e8=Q g2 48. Qf7+ Kg3 49. Qc7+ Kh3 50. Qxb6 Kh2 51. Qh6+ 1-0

[Event "SK Nürnberg 1911 e.V. 1-SC Erlangen 48/8"]
[Site "?"]
[Date "2013.02.11"]
[Round "7.6"]
[White "Augustin, Achim"]
[Black "Weiß, Markus"]
[Result "1-0"]
[WhiteElo "1869"]
[BlackElo "1864"]
[PlyCount "79"]
[EventDate "2013.??.??"]
[WhiteTeam "SK Nürnberg 1911 e.V. 1"]
[BlackTeam "SC Erlangen 48/88 e.V. 2"]

1. d4 Nf6 2. Bg5 d6 3. Nd2 Bf5 4. Bxf6 gxf6 5. e4 Bd7 6. Bc4 e5 7. Qh5 Qe7 8.
d5 h6 9. Ne2 Rg8 10. Qf3 Bg4 11. Qb3 c5 12. f3 Bc8 13. Ng3 a6 14. a4 h5 15. Bf1
h4 16. Nf5 Bxf5 17. exf5 Rg5 18. O-O-O Rxf5 19. Ne4 Qc7 20. g3 Nd7 21. Bh3 Rg5
22. Bxd7+ Kxd7 23. Nxg5 fxg5 24. c4 Bh6 25. Qc2 Qd8 26. Qf5+ Ke8 27. Kc2 Ke7
28. Rhe1 Qg8 29. gxh4 gxh4 30. Rg1 Qh8 31. Rg4 Be3 32. Re1 Qh6 33. f4 Bd4 34.
fxe5 Bxe5 35. Ree4 Rh8 36. a5 h3 37. b4 cxb4 38. c5 Qf6 39. Rxe5+ dxe5 40. d6+
1-0

[Event "SK Nürnberg 1911 e.V. 1-SC Erlangen 48/8"]
[Site "?"]
[Date "2013.02.11"]
[Round "7.7"]
[White "Diller, Daniel"]
[Black "Herbst, Thomas"]
[Result "0-1"]
[WhiteElo "1903"]
[BlackElo "1874"]
[PlyCount "77"]
[EventDate "2013.??.??"]
[WhiteTeam "SC Erlangen 48/88 e.V. 2"]
[BlackTeam "SK Nürnberg 1911 e.V. 1"]

1. c4 c6 2. g3 d5 3. Nf3 Nf6 4. Bg2 dxc4 5. O-O Nbd7 6. Qc2 Nb6 7. Na3 Qd5 8.
Ne1 Qd4 9. d3 cxd3 10. Nxd3 Bf5 11. Be3 Bxd3 12. exd3 Qd7 13. Nc4 Nbd5 14. a3
e6 15. b4 Be7 16. Rac1 Nxe3 17. fxe3 Rd8 18. Ne5 Qd6 19. d4 O-O 20. Qc5 Qc7 21.
Qc2 Nd7 22. Nxd7 Qxd7 23. Rcd1 a5 24. bxa5 Ra8 25. Qc3 Bd8 26. Rb1 Rxa5 27. Qb3
Rb5 28. Qd3 Rxb1 29. Rxb1 Bg5 30. Qb3 g6 31. Kf2 Ra8 32. a4 Qd6 33. Qxb7 Rxa4
34. Qc8+ Kg7 35. Qxc6 Ra2+ 36. Kf1 Qa3 37. Qf3 Qd3+ 38. Kg1 Qxb1+ 39. Bf1 0-1

[Event "SK Nürnberg 1911 e.V. 1-SC Erlangen 48/8"]
[Site "?"]
[Date "2013.02.11"]
[Round "7.8"]
[White "Dereser, Marc"]
[Black "Balhar, Michael"]
[Result "1-0"]
[WhiteElo "1835"]
[BlackElo "1686"]
[PlyCount "65"]
[EventDate "2013.??.??"]
[WhiteTeam "SK Nürnberg 1911 e.V. 1"]
[BlackTeam "SC Erlangen 48/88 e.V. 2"]

1. d4 Nf6 2. Nf3 g6 3. c4 c5 4. d5 b5 5. cxb5 a6 6. e3 axb5 7. Be2 d6 8. Bxb5+
Bd7 9. Bxd7+ Nbxd7 10. O-O Bg7 11. Nc3 O-O 12. e4 Qa5 13. h3 Rfb8 14. Qc2 Nb6
15. Nd2 Ne8 16. a3 Na4 17. Nxa4 Qxa4 18. b3 Qa6 19. Bb2 Nc7 20. Bxg7 Kxg7 21.
a4 Qb6 22. Rfe1 f6 23. Rab1 Na6 24. Nc4 Qa7 25. f4 Nb4 26. Qc3 Na2 27. Qd2 Nb4
28. e5 Qb7 29. exf6+ exf6 30. Rbd1 Rd8 31. Re6 Na6 32. Qc3 Nc7 33. Qxf6+ 1-0

[Event "Schachzentrum Fürth 2002 1-SC Postbauer-"]
[Site "?"]
[Date "2013.02.11"]
[Round "7.1"]
[White "Bauer, Andreas"]
[Black "Hepting, Heinrich"]
[Result "0-1"]
[WhiteElo "2085"]
[BlackElo "2140"]
[PlyCount "126"]
[EventDate "2013.??.??"]
[WhiteTeam "SC Postbauer-Heng e.V. 1"]
[BlackTeam "Schachzentrum Fürth 2002 1"]

1. e4 e5 2. Nf3 Nc6 3. Bb5 Qe7 4. O-O Nd8 5. d4 c6 6. Bc4 d6 7. dxe5 dxe5 8.
Bg5 Nf6 9. Nc3 h6 10. Bh4 g5 11. Bg3 Nd7 12. Qd2 Bg7 13. Rad1 Ne6 14. Bxe6 Qxe6
15. Qd6 Qxd6 16. Rxd6 Bf8 17. Rd2 f6 18. Rfd1 Be7 19. h4 Nb6 20. b3 Bg4 21. a4
Bxf3 22. gxf3 Rd8 23. Rxd8+ Bxd8 24. hxg5 hxg5 25. a5 Nd7 26. a6 bxa6 27. Ra1
Nb8 28. Nd1 Ke7 29. Ne3 Ke6 30. Kg2 Bb6 31. Nc4 Bc7 32. Rd1 a5 33. Ra1 Rh7 34.
Nxa5 Bxa5 35. Rxa5 Kd6 36. Bh2 c5 37. f4 exf4 38. f3 Nc6 39. Ra6 Rb7 40. Bg1
Rb6 41. Ra1 Nd4 42. Bxd4 cxd4 43. Rxa7 Rc6 44. Ra2 g4 45. fxg4 Ke5 46. Kf3 Rc3+
47. Kf2 Kxe4 48. b4 Rf3+ 49. Ke2 Rh3 50. b5 Rh2+ 51. Kf1 f3 52. b6 Rh1+ 53. Kf2
Rb1 54. Ra3 Rxb6 55. Rxf3 Rc6 56. Rf5 Rxc2+ 57. Ke1 Ke3 58. Kd1 Rf2 59. Rh5
Rf1+ 60. Kc2 d3+ 61. Kc3 Rc1+ 62. Kb2 d2 63. Rh3+ Kf4 0-1

[Event "Schachzentrum Fürth 2002 1-SC Postbauer-"]
[Site "?"]
[Date "2013.02.11"]
[Round "7.2"]
[White "Teslof, Rihart"]
[Black "Röber, Jürgen"]
[Result "0-1"]
[WhiteElo "1847"]
[BlackElo "2066"]
[PlyCount "128"]
[EventDate "2013.??.??"]
[WhiteTeam "Schachzentrum Fürth 2002 1"]
[BlackTeam "SC Postbauer-Heng e.V. 1"]

1. e4 c5 2. Nf3 Nc6 3. d4 cxd4 4. Nxd4 g6 5. Nxc6 bxc6 6. c3 Bg7 7. Bc4 d6 8.
O-O e6 9. Bf4 d5 10. exd5 exd5 11. Bb3 Nf6 12. Re1+ Be6 13. Be5 O-O 14. Nd2 Qb6
15. Qf3 Nd7 16. Bxg7 Kxg7 17. c4 Qd4 18. cxd5 cxd5 19. Qc3 Qxc3 20. bxc3 Rfc8
21. Rac1 Nc5 22. Re3 d4 23. cxd4 Nxb3 24. Rxc8 Rxc8 25. axb3 Rc1+ 26. Nf1 Bd7
27. f4 Bb5 28. Rf3 Rd1 29. d5 Kf6 30. g4 Be2 31. g5+ Kf5 32. Rf2 Bxf1 33. Rxf1
Rxd5 34. Kg2 Rd2+ 35. Kg3 Rd3+ 36. Rf3 Ke4 37. Rxd3 Kxd3 38. f5 gxf5 39. Kf4
Kc3 40. Kxf5 Kxb3 41. Kf6 a5 42. Kxf7 a4 43. Kg7 a3 44. Kxh7 a2 45. g6 a1=Q 46.
g7 Qb1+ 47. Kh8 Qb2 48. h4 Qf6 49. Kh7 Qxh4+ 50. Kg6 Qg4+ 51. Kf7 Qf5+ 52. Ke7
Qg6 53. Kf8 Qf6+ 54. Kg8 Kc4 55. Kh7 Qf7 56. Kh8 Qh5+ 57. Kg8 Kd5 58. Kf8 Qf5+
59. Ke7 Qg6 60. Kf8 Ke6 61. Kg8 Qf6 62. Kh7 Qh4+ 63. Kg6 Qg4+ 64. Kh7 Kf7 0-1

[Event "Schachzentrum Fürth 2002 1-SC Postbauer-"]
[Site "?"]
[Date "2013.02.11"]
[Round "7.3"]
[White "Sippl, Martin"]
[Black "Tesch, Wladimir"]
[Result "1-0"]
[WhiteElo "1989"]
[BlackElo "1692"]
[PlyCount "79"]
[EventDate "2013.??.??"]
[WhiteTeam "SC Postbauer-Heng e.V. 1"]
[BlackTeam "Schachzentrum Fürth 2002 1"]

1. e4 c5 2. Nf3 d6 3. c3 Nf6 4. Be2 Nxe4 5. Qa4+ Bd7 6. Qxe4 Bc6 7. Qc2 g6 8.
O-O Bg7 9. d4 cxd4 10. Nxd4 Bd7 11. Nd2 O-O 12. N2f3 h6 13. Be3 Kh7 14. Rfd1 a6
15. Rac1 Nc6 16. Nxc6 bxc6 17. h4 f5 18. h5 g5 19. Nh2 Kh8 20. c4 Qc7 21. Bd4
e5 22. Bc3 Be6 23. Rd2 Rad8 24. Rcd1 d5 25. Qa4 d4 26. Ba5 Qd6 27. Bxd8 Rxd8
28. Nf3 g4 29. Nh4 Bf6 30. Ng6+ Kg7 31. Qxa6 Bg5 32. Rd3 Kf6 33. a3 Qc5 34. Rb3
e4 35. Rb6 d3 36. Rxc6 Qxc6 37. Qxc6 dxe2 38. Rxd8 e1=Q+ 39. Kh2 Qxf2 40. Rf8+
1-0

[Event "Schachzentrum Fürth 2002 1-SC Postbauer-"]
[Site "?"]
[Date "2013.02.11"]
[Round "7.4"]
[White "Engel, Waldemar"]
[Black "Fischer, Erich"]
[Result "0-1"]
[WhiteElo "1540"]
[BlackElo "1979"]
[PlyCount "56"]
[EventDate "2013.??.??"]
[WhiteTeam "Schachzentrum Fürth 2002 1"]
[BlackTeam "SC Postbauer-Heng e.V. 1"]

1. Nf3 g6 2. c4 Bg7 3. Na3 e5 4. d3 Nc6 5. Nc2 d5 6. cxd5 Qxd5 7. e4 Qd6 8. g3
h6 9. Ne3 Be6 10. a3 f5 11. exf5 gxf5 12. Nh4 Nd4 13. Nc4 Qd7 14. Bg2 Ne7 15.
Nf3 Nec6 16. Nfd2 Rd8 17. O-O O-O 18. Rb1 b5 19. Bxc6 Nxc6 20. Ne3 f4 21. Ng2
Nd4 22. Nh4 f3 23. Nhxf3 Bg4 24. Kg2 Nxf3 25. Qb3+ Be6 26. Qc2 Bh3+ 27. Kh1
Nxd2 28. Bxd2 Bxf1 0-1

[Event "Schachzentrum Fürth 2002 1-SC Postbauer-"]
[Site "?"]
[Date "2013.02.11"]
[Round "7.5"]
[White "Kendzia, Nikolai"]
[Black "Borodulin, Vladimir"]
[Result "1-0"]
[WhiteElo "1905"]
[BlackElo "1650"]
[PlyCount "73"]
[EventDate "2013.??.??"]
[WhiteTeam "SC Postbauer-Heng e.V. 1"]
[BlackTeam "Schachzentrum Fürth 2002 1"]

1. e4 c5 2. Nf3 Nc6 3. Bb5 Qc7 4. O-O a6 5. Bxc6 Qxc6 6. Nc3 e6 7. d4 cxd4 8.
Nxd4 Qc7 9. Kh1 Bd6 10. f4 b5 11. Ndxb5 axb5 12. Nxb5 Qc6 13. Nxd6+ Ke7 14. e5
Nh6 15. f5 Nxf5 16. Nxf5+ exf5 17. Rxf5 Bb7 18. Qf1 Rhf8 19. Bg5+ Ke8 20. Rf2
Ra4 21. c4 Rxc4 22. Rc1 Rxc1 23. Qxc1 Qxc1+ 24. Bxc1 Ke7 25. Bd2 Ke6 26. Bc3
Ra8 27. a3 Bd5 28. Rd2 h5 29. Kg1 Bc6 30. Kf2 Kf5 31. Ke3 Ra4 32. Rd4 Ra6 33.
Rf4+ Ke6 34. g3 g6 35. Kd4 Rb6 36. Bb4 Rb5 37. Rf6# 1-0

[Event "Schachzentrum Fürth 2002 1-SC Postbauer-"]
[Site "?"]
[Date "2013.02.11"]
[Round "7.6"]
[White "Akopdjanian, Martin"]
[Black "Hoffmann, Ayar"]
[Result "0-1"]
[WhiteElo "1625"]
[BlackElo "1839"]
[PlyCount "130"]
[EventDate "2013.??.??"]
[WhiteTeam "Schachzentrum Fürth 2002 1"]
[BlackTeam "SC Postbauer-Heng e.V. 1"]

1. e4 e6 2. Nf3 d5 3. exd5 exd5 4. d4 Bd6 5. c4 Nf6 6. Nc3 O-O 7. cxd5 Bb4 8.
Bg5 Qe8+ 9. Be2 Nxd5 10. Bd2 Nxc3 11. bxc3 Bd6 12. O-O Bg4 13. Re1 Qd8 14. h3
Bh5 15. Bg5 f6 16. Qb3+ Bf7 17. Qxb7 Nd7 18. Bd2 Nb6 19. Qa6 Re8 20. Bd3 Rxe1+
21. Rxe1 Qc8 22. Qxc8+ Rxc8 23. Bf5 Rd8 24. Be6 c5 25. Bxf7+ Kxf7 26. dxc5 Bxc5
27. Be3 Bxe3 28. Rxe3 Rc8 29. Rd3 Ke7 30. Nd4 g6 31. Ne2 Rc5 32. Nd4 Na4 33.
Re3+ Kf7 34. Ne2 Nb2 35. Re4 Ra5 36. Nc1 Ra3 37. Rb4 Nd1 38. Rb3 Rxb3 39. axb3
Nxc3 40. Kf1 Ke6 41. Ke1 Kd5 42. Kd2 Kd4 43. f3 h5 44. Kc2 h4 45. Kd2 g5 46.
Kc2 Nd5 47. Kd2 Nf4 48. Na2 Nxg2 49. Nc3 a6 50. Ne4 Ke5 51. Nc5 a5 52. Nb7 Nf4
53. Nxa5 Nxh3 54. Nc4+ Kd4 55. Ne3 Nf4 56. Ng4 f5 57. Ne3 Ke5 58. b4 Nd5 59.
f4+ Nxf4 60. b5 Ne6 61. b6 Nd8 62. Nc4+ Kd5 63. Ne3+ Ke4 64. Nc4 Nb7 65. Ke2 g4
0-1